Systém Banc de Parallélisme - polyvalent ako finálna časť montáže vozidiel v PSA Peugeot Citroën Slovakia

Gespeichert in:
Bibliographische Detailangaben
1. Verfasser: Kršteník, Jozef, 1984- (Verfasst von)
Weitere Verfasser: Matiaško, Rastislav, 1975- (Betreuung Doktorarbeit)
Format: Manuskript Buch
Sprache:Slowakisch
Veröffentlicht: Trnava : STU v Bratislave MTF UVTE KOM, 2010
Schlagworte:
Online-Zugang:VAIS
Tags: Tag hinzufügen
Keine Tags, Fügen Sie das erste Tag hinzu!

MARC

LEADER 00000ntm a22000003a 4500
001 stu217819
005 20160719160350.8
008 101130s2010----xo------------------slo-d
040 |a STU  |b slo 
041 0 |a slo 
044 |a xo 
100 1 |a Kršteník, Jozef,  |d 1984-  |4 aut  |X 30033  |7 A000030033 
242 0 0 |a System Banc de Parallélisme – polyvalent like final part of car assembly in PSA Peugeot Citroen Trnava.  |y eng 
245 1 |a Systém Banc de Parallélisme - polyvalent ako finálna časť montáže vozidiel v PSA Peugeot Citroën Slovakia  
260 |a Trnava :  |b STU v Bratislave MTF UVTE KOM,  |c 2010 
650 7 |a výrobné technológie  |2 stusub 
650 7 |a Manufacturing Technologies  |2 estusub 
650 7 |a montáž  |2 stusub 
650 7 |a automobil  |2 stusub 
650 7 |a assembly  |2 estusub 
650 7 |a automobile  |2 estusub 
700 1 |a Matiaško, Rastislav,  |d 1975-  |4 ths  |X 71293  |7 A000071293 
856 4 |a info a plný text  |u http://is.stuba.sk/zp/portal_zp.pl?podrobnosti=52425  |3 VAIS 
996 |c M*BP-5018  |l MMSKP  |s P  |a 0  |w stu217819_0001